[Event "St Louis Spring A"]
[Site "Saint Louis USA"]
[Date "2022.03.10"]
[Round "9.1"]
[White "Xiong, Jeffery"]
[Black "Sevian, Samuel"]
[Result "1/2-1/2"]
[WhiteTitle "GM"]
[BlackTitle "GM"]
[WhiteElo "2686"]
[BlackElo "2684"]
[WhiteFideId "2047640"]
[BlackFideId "2040506"]
[EventDate "2022.03.02"]

1. c4 e5 2. d3 Nf6 3. Nf3 Nc6 4. a3 d5 5. cxd5 Nxd5 6. e4 Nf6 7. Qc2 Bg4 8. Nbd2
a5 9. h3 Be6 10. Nc4 Nd7 11. Be3 Be7 12. Be2 O-O 13. O-O a4 14. d4 exd4 15. Bxd4
Bf6 16. Be3 Bxc4 17. Bxc4 Nde5 18. Nxe5 Bxe5 19. Rae1 Nd4 20. Qc1 Nb3 21. Qc2
Nd4 22. Qc1 Nb3 23. Bxb3 axb3 24. f4 Bd4 25. Rd1 Ra4 26. Rd3 Qf6 27. Bxd4 Rxd4
28. Rxb3 Rxe4 29. Qxc7 Re7 30. Qb6 Qxb6+ 31. Rxb6 Rd8 32. Rf2 Rd4 33. b3 h5 34.
h4 Kh7 35. a4 f6 36. Rb5 Kh6 37. a5 Rc7 38. b4 Re7 39. Kh2 Rc4 40. g3 Rd4 41.
Rb2 Rd3 42. Rc5 Ra3 43. f5 Ree3 44. Rg2 Re7 45. Rgc2 Ree3 46. Rg2 Re7 47. Rd2
Kh7 48. Rb5 Rb3 49. Rb6 Rc7 50. Kg2 Re7 51. Rb5 Rb1 52. Kf2 Rh1 53. Kg2 Rb1 54.
Kf2 Rh1 55. Rbd5 Rb1 56. b5 Re4 57. b6 Ra4 58. Kg2 Rb3 59. Kh2 Raa3 60. Rg2 Kh6
61. Rd8 Kh7 62. Rd5 Kh6 63. Rd8 1/2-1/2

[Event "St Louis Spring A"]
[Site "Saint Louis USA"]
[Date "2022.03.10"]
[Round "9.2"]
[White "Antipov, Mikhail Al."]
[Black "Dragun, Kamil"]
[Result "0-1"]
[WhiteTitle "GM"]
[BlackTitle "GM"]
[WhiteElo "2615"]
[BlackElo "2590"]
[WhiteFideId "4107012"]
[BlackFideId "1134167"]
[EventDate "2022.03.02"]

1. Nf3 Nf6 2. g3 d5 3. Bg2 e6 4. O-O Be7 5. d4 O-O 6. c4 c6 7. Nbd2 b6 8. Qc2
Bb7 9. e4 Nbd7 10. e5 Ne8 11. cxd5 cxd5 12. Re1 Rc8 13. Qa4 Qc7 14. Bf1 a5 15.
Nb1 Nb8 16. Nc3 Ba6 17. Bxa6 Nxa6 18. Bg5 Bxg5 19. Nxg5 h6 20. Nh3 Qc4 21. Qd1
Nb4 22. Re3 Nc6 23. Ne2 Ne7 24. Rc3 Qa6 25. Rac1 Rxc3 26. Rxc3 g6 27. g4 b5 28.
Nhf4 Ng7 29. Rc7 Nc6 30. Qc2 Rc8 31. Rxc8+ Qxc8 32. Qc5 b4 33. Qb6 Ne8 34. Nd3
Qc7 35. Qb5 Ng7 36. Nc5 Na7 37. Qa6 Nc6 38. Qb5 Na7 39. Qd3 Qc6 40. Qe3 Qb5 41.
a4 bxa3 42. bxa3 Ne8 43. a4 Qc4 44. Kg2 Nc6 45. Kg3 Nxd4 46. Qxd4 Qxe2 47. Nb7
Qa6 48. Qb2 Qc6 49. f3 Qxa4 50. Qc3 Qd7 51. Nxa5 Qa7 52. Kg2 Nc7 53. Nc6 Qb6 54.
Ne7+ Kg7 55. Nc8 d4 56. Qa3 Qc6 57. Nd6 Qc2+ 58. Kg3 d3 59. Qb4 Qc1 60. Kg2 Qc2+
61. Kg3 Qc1 62. Kg2 g5 63. Ne4 Nd5 64. Qd2 Nf4+ 65. Kf2 Qh1 66. Ke3 Qa1 0-1

[Event "St Louis Spring A"]
[Site "Saint Louis USA"]
[Date "2022.03.10"]
[Round "9.3"]
[White "Swiercz, Dariusz"]
[Black "Lenderman, Aleksandr"]
[Result "1-0"]
[WhiteTitle "GM"]
[BlackTitle "GM"]
[WhiteElo "2656"]
[BlackElo "2600"]
[WhiteFideId "1126881"]
[BlackFideId "2021285"]
[EventDate "2022.03.02"]

1. e4 c5 2. Nf3 Nc6 3. Nc3 g6 4. Bb5 Bg7 5. O-O e5 6. a3 Nge7 7. Bc4 O-O 8. d3
d6 9. Rb1 h6 10. b4 Kh7 11. bxc5 dxc5 12. Nd5 b6 13. Nxe7 Qxe7 14. Bd5 Bd7 15.
Re1 Rac8 16. Bd2 Qd6 17. c4 Ne7 18. Bc3 g5 19. Qc2 Ng6 20. g3 Ne7 21. Qb2 f6 22.
Nd2 Rce8 23. Re2 Rb8 24. Qc2 a6 25. Ree1 Kh8 26. a4 Nc6 27. Qb3 a5 28. Nf1 Nb4
29. Qd1 f5 30. exf5 Bxf5 31. Bxb4 axb4 32. Ne3 Bd7 33. Be4 Qc7 34. Re2 g4 35.
Ra2 h5 36. h3 Bh6 37. Nd5 Qd8 38. hxg4 hxg4 39. Kg2 Kg7 40. Qe2 Ra8 41. Rh1 Be6
42. Raa1 Rh8 43. Nxb6 Ra7 44. Nd5 Rf7 45. Rh5 Rhf8 46. Rf1 Bg5 47. Qb2 Bxd5 48.
Qxe5+ Bf6 49. Rg5+ Kh6 50. Rh1# 1-0

[Event "St Louis Spring A"]
[Site "Saint Louis USA"]
[Date "2022.03.10"]
[Round "9.4"]
[White "Hakobyan, Aram"]
[Black "Niemann, Hans Moke"]
[Result "1-0"]
[WhiteTitle "GM"]
[BlackTitle "GM"]
[WhiteElo "2601"]
[BlackElo "2642"]
[WhiteFideId "13306677"]
[BlackFideId "2093596"]
[EventDate "2022.03.02"]

1. e4 c5 2. Nf3 d6 3. Bb5+ Nd7 4. O-O a6 5. Bxd7+ Bxd7 6. d4 cxd4 7. Qxd4 Nf6 8.
Bg5 h6 9. Bxf6 gxf6 10. c4 Rc8 11. Nc3 e6 12. a4 Be7 13. b4 a5 14. b5 Qc7 15.
Nd2 Qc5 16. Qd3 Bd8 17. e5 f5 18. exd6 Bf6 19. Rad1 Bg7 20. Ne2 O-O 21. Nf4 Kh7
22. Nh5 Bh8 23. Qg3 Qd4 24. Qf3 b6 25. Rfe1 Rcd8 26. Qf4 Qxf4 27. Nxf4 Bc3 28.
Re3 Bb4 29. Nf3 Bc5 30. Re2 Bb4 31. Ne5 Bc3 32. Re3 Bxe5 33. Rxe5 Rc8 34. c5
bxc5 35. Nd3 c4 36. Nc5 Rfd8 37. Nb7 Rg8 38. Nc5 Rgd8 39. Nb7 Rg8 40. Rc5 c3 41.
Rc7 Rg4 42. f4 c2 43. Rc1 Rxc7 44. dxc7 Rxf4 45. Rxc2 Rxa4 46. Nc5 1-0

[Event "St Louis Spring A"]
[Site "Saint Louis USA"]
[Date "2022.03.10"]
[Round "9.5"]
[White "Robson, Ray"]
[Black "Nyzhnyk, Illya"]
[Result "1/2-1/2"]
[WhiteTitle "GM"]
[BlackTitle "GM"]
[WhiteElo "2676"]
[BlackElo "2674"]
[WhiteFideId "2023970"]
[BlackFideId "14118084"]
[EventDate "2022.03.02"]

1. e4 e5 2. Nf3 Nf6 3. d4 Nxe4 4. dxe5 Bc5 5. Bc4 Nxf2 6. Bxf7+ Kxf7 7. Qd5+ Kg6
8. Qxc5 Nxh1 9. Nc3 h6 10. Qd4 d6 11. Nd5 Nc6 12. Qe4+ Kf7 13. Be3 Re8 14. Bxh6
Rxe5 15. Nxe5+ Nxe5 16. O-O-O Nf2 17. Rf1 Qf6 18. Nxf6 Nxe4 19. Nxe4+ Kg8 20.
Bf4 Ng6 21. Ng5 Bd7 22. Be3 b6 23. Bd4 Rf8 24. Rxf8+ Nxf8 25. Kd2 Ne6 26. Nxe6
Bxe6 27. a3 Kf7 28. h4 Bf5 29. c3 c5 30. Be3 Ke6 31. Bf4 Be4 32. g3 Bf3 33. Ke3
Bd1 34. Kd2 Bf3 35. Ke3 Bd1 36. Kd2 Bf3 1/2-1/2